Rumia czy Reda? - Statystyki

Ogólne statystyki
  • Ten quiz został rozwiązany 62 razy
  • Średni wynik to 11 z 15
Statystyki odpowiedzi
Zagadnienie Odpowiedź % Poprawnych
Graniczy z Gdynią Rumia
98%
Ma większą liczbę ludności Rumia
96%
Głównym zakładem komunikacji miejskiej w tym mieście jest ZKM Gdynia Rumia
96%
Graniczy z Wejherowem Reda
94%
Leży w powiecie wejherowskim Oba
92%
Znajduje się tu Aquapark Reda
92%
W tym mieście znajduje się dzielnica Betlejem Reda
84%
Burmistrzem miasta jest Michał Pasieczny Rumia
80%
Znajdują się tu 2 przystanki SKM Trójmiasto Oba
71%
Miasto to uzyskało prawa miejskie później Reda
67%
W herbie tego miasta znajduje się m.in. koło młyńskie Rumia
65%
Posiada większą powierzchnię Rumia
59%
W tym mieście znajduje się ulica gdańska Oba
51%
Posiada starszy dworzec kolejowy Reda
51%
W tym mieście znajduje się liceum ogólnokształcące Rumia
37%
Nie znaleziono quizów pasujących do podanych kryteriów
Rozkład punktacji
Procent ludzi z każdym wynikiem
Percentyl według liczby udzielonych odpowiedzi
Twoja historia wyników
Nie rozwiązałeś tego quizu